Landen met een letter - U - Statistieken

Algemene statistieken
  • Deze quiz is 208 keer genomen
  • De gemiddelde score is 40 van 50
Antwoordstatistieken
Categorie Land % Correct
1 x U Paraguay
98%
3 x U Uruguay
98%
1 x U Zuid-Soedan
95%
1 x U Australië
93%
1 x U Democratische Republiek Congo
93%
1 x U Turkmenistan
93%
1 x U Zuid-Afrika
93%
1 x U Zuid-Korea
93%
2 x U Tuvalu
90%
1 x U Cuba
88%
1 x U Rusland
88%
1 x U Turkije
88%
1 x U Dominicaanse Republiek
85%
1 x U Duitsland
85%
1 x U Guinee
85%
1 x U Guyana
85%
1 x U Mauritanië
85%
1 x U Republiek Congo
85%
1 x U Guatemala
83%
2 x U Guinee-Bissau
83%
2 x U Vanuatu
83%
2 x U Equatoriaal-Guinea
80%
2 x U Mauritius
80%
1 x U Venezuela
80%
2 x U Antigua en Barbuda
78%
1 x U Belarus
78%
1 x U Bulgarije
78%
1 x U Burkina Faso
78%
2 x U Burundi
78%
1 x U Centraal-Afrikaanse Republiek
78%
2 x U Nauru
78%
1 x U Portugal
78%
1 x U Suriname
78%
1 x U Honduras
76%
1 x U Nieuw-Zeeland
76%
1 x U Tunesië
76%
1 x U Bhutan
73%
2 x U Luxemburg
73%
1 x U Brunei
71%
1 x U Ecuador
71%
1 x U Nicaragua
71%
1 x U Palau
68%
1 x U Peru
68%
1 x U Saint Lucia
68%
1 x U Litouwen
66%
2 x U Papoea-Nieuw-Guinea
66%
1 x U Cyprus
63%
1 x U Ivoorkust
61%
1 x U Djibouti
59%
1 x U Mozambique
54%
Geen overeenkomende quizzen gevonden
Scoreverdeling
Procent van Mensen met Elke Score
Percentiel versus Aantal Correcte Antwoorden
Uw Scoregeschiedenis
U heeft deze quiz nog niet genomen